000
00241nmm a2200085Ia 4500
008
220120s9999||||xx |||||||||||||||||und||
100
_a
Open source for you
245
0
_a
Debain buster-64bit live10
260
_a
Coorg Institute of Technology
_c
2019
999
_c
140102
_d
140102